[Event "Aulnoye Aymeries op 10th"]
[Site "Aulnoye Aymeries"]
[Date "2013.07.24"]
[Round "5"]
[White "Renard, Stephane"]
[Black "Wauquier, Louis"]
[Result "1-0"]
[WhiteElo "1979"]
[BlackElo "1390"]
[PlyCount "97"]
[EventDate "2013.07.22"]
[EventType "swiss"]
[EventRounds "9"]
[EventCountry "FRA"]
[SourceTitle "EXT 2020"]
[Source "ChessBase"]
[SourceDate "2019.10.17"]
[SourceVersion "1"]
[SourceVersionDate "2019.10.17"]
[SourceQuality "1"]

1. f4 e6 2. Nf3 d5 3. e3 Nc6 4. Bb5 Bd7 5. b3 a6 6. Bxc6 Bxc6 7. Ne5 Qf6 8. 0-0 Bd6 9. Bb2 Ne7 10. Qc1 Qh6 11. Rf3 Bxe5 12. Bxe5 0-0-0 13. Rh3 Qg6 14. Rg3 Qf5 15. Rg5 Qe4 16. Nc3 Qb4 17. a3 Qc5 18. b4 Qa7 19. Bd4 Qb8 20. Bxg7 Rhg8 21. Bf6 Kd7 22. d4 Rxg5 23. Bxg5 Rg8 24. Bxe7 Kxe7 25. a4 b5 26. a5 f5 27. Qd2 Rg6 28. Rf1 Qg8 29. Rf3 Be8 30. Qf2 Rh6 31. Rg3 Qf8 32. Rg5 Rg6 33. Rxg6 Bxg6 34. Ne2 h5 35. Nc1 Qa8 36. Nd3 Kf7 37. Qh4 Qe8 38. Qg5 Kg7 39. Nc5 Qc6 40. Qd8 Be8 41. Qxc7+ Qxc7 42. Nxe6+ Kf7 43. Nxc7 Bc6 44. Nxa6 Ke7 45. Nc5 Kd6 46. Kf2 h4 47. g3 h3 48. g4 fxg4 49. Kg3 1-0